000 00885cab a2200193 4500
001 ABS40289
008 090401t1989 xxu||||| |||| 00| 0 eng d
035 _a(Sirsi) u22852
041 _aeng
245 _aEstates Gazette Focus Annual Review
260 _c1989
350 _a0
490 _aEstates Gazette
_vSupplement 14 January 1989, 117-190(56) LOAN
520 _aThe 1988 annual review features the office market over the past year, trends in the London market including a rental growth table for central London, UK business parks , shop property performance, highlights of the retail market and the individual markets in France , Germany , Norway , the Netherlands , Denmark , Belgium , Switzerland , Ireland , Italy , Spain and Portugal .
650 _aFORECAST
690 _aPROPERTY-COMMERCIAL PROPERTY-COMMERCIAL PROPERTY MARKET
942 _n0
948 _c04/03/1997
999 _c15320
_d15320